Statistiques concernant Villes de la Loire de plus de 10 000 hab

Cliquez ici pour prendre le quiz!

Statistiques générales

  • Ce quiz a été pris 32 fois
  • Le résultat moyen est 6 sur 10

Statistiques - réponses

VillePopulation% Correct
Roanne34 762
100%
Saint-Étienne173 756
100%
Montbrison16 355
89%
Firminy17 292
78%
Saint-Chamond35 173
78%
Andrézieux-Bouthéon10 310
59%
Rive-de-Gier15 214
56%
Saint-Just-Saint-Rambert15 651
48%
Riorges11 245
22%
Le Chambon-Feugerolles11 779
19%

Distribution des résultats

Percentile par nombre de réponses

% des personnes avec chaque résultat

Votre développement - résultats

Vous n’avez pas pris ce quiz